Diskriminácia žien v ekonomickej teorii vybrané problémy

Definícia a typy diskriminácie. Prehľad štatistických údajov. Teória diskriminmácie na trhu práce. Model s diskriminačnými preferenciami. Diskriminujúci monopson. Teória štatisticej diskriminácie. Diskriminácia a inštitút práva.

Na minha lista:
Detalhes bibliográficos
Autor principal: Brožová, Dagmar
Formato: Capítulo de Livro
Idioma:tcheco
Assuntos:
Tags: Adicionar Tag
Sem tags, seja o primeiro a adicionar uma tag!

MARC

LEADER 00000naa$a2200000$$$4500
001 0049172
005 20231019130830.2
041 0 |a cze 
044 |a CZ 
245 1 0 |a Diskriminácia žien v ekonomickej teorii vybrané problémy  |c Dagmar Brožová 
520 |a Definícia a typy diskriminácie. Prehľad štatistických údajov. Teória diskriminmácie na trhu práce. Model s diskriminačnými preferenciami. Diskriminujúci monopson. Teória štatisticej diskriminácie. Diskriminácia a inštitút práva. 
610 2 0 |a Česko 
610 2 0 |a diskriminácia 
610 2 0 |a diskriminácia pracovná 
610 2 0 |a trh práce 
610 2 0 |a muži 
610 2 0 |a ženy 
610 2 0 |a ukazovatele štatistické 
100 1 |a Brožová, Dagmar